Hunter and others v Canary Wharf Ltd; Hunter and others v London Docklands Development Corporation (Record no. 49476)

MARC details
000 -LEADER
fixed length control field 01775cab a2200277 4500
001 - CONTROL NUMBER
control field ABS57016
008 - FIXED-LENGTH DATA ELEMENTS--GENERAL INFORMATION
fixed length control field 090401t1997 xxu||||| |||| 00| 0 eng d
035 ## - SYSTEM CONTROL NUMBER
System control number (Sirsi) u78674
041 ## - LANGUAGE CODE
Language code of text/sound track or separate title eng
245 ## - TITLE STATEMENT
Title Hunter and others v Canary Wharf Ltd; Hunter and others v London Docklands Development Corporation
260 ## - PUBLICATION, DISTRIBUTION, ETC.
Date of publication, distribution, etc. 1997
350 ## - PRICE (NR) (BK AM CF MU VM SE) [OBSOLETE]
Price 0
490 ## - SERIES STATEMENT
Series statement All England Law Reports
Volume/sequential designation [1997] 2 All ER 426-470(22)
520 ## - SUMMARY, ETC.
Summary, etc. HL 24 April 1997. Two separate appeals heard together. First appeal, whether interference with television reception from the defendant`s (C) tower block enabled the plaintiff`s (H) to sue in private nuisance. In the second appeal (H) claimed damages in nuisance against the defendant (L) in respect of deposits of dust on their properties caused by construction of a link road. CA ruled for (C) in the first action and for (H) in the second action (the dust action), reversing both the original rulings. The HL held that interference with television reception was not capable of constituting an actionable private nuisance, as an owner is free to build on his own land, subject to planning control. In the second action, HL stated that a person who has no right over land affected by a nuisance cannot bring an action in private nuisance. Appeal of plaintiffs in "Hunter v Canary Wharf Ltd." dismissed. Appeal of defendants in "Hunter v London Docklands Development Corp." allowed.
650 ## - SUBJECT ADDED ENTRY--TOPICAL TERM
Topical term or geographic name entry element CONSTRUCTION WORK
650 ## - SUBJECT ADDED ENTRY--TOPICAL TERM
Topical term or geographic name entry element DUST
650 ## - SUBJECT ADDED ENTRY--TOPICAL TERM
Topical term or geographic name entry element HUNTER & OTHERS V LONDON DOCKLANDS DEVELOPMENT CORPORATION
650 ## - SUBJECT ADDED ENTRY--TOPICAL TERM
Topical term or geographic name entry element HUNTER AND OTHERS V CANARY WHARF LTD
650 ## - SUBJECT ADDED ENTRY--TOPICAL TERM
Topical term or geographic name entry element INTERFERENCE
650 ## - SUBJECT ADDED ENTRY--TOPICAL TERM
Topical term or geographic name entry element NUISANCE
650 ## - SUBJECT ADDED ENTRY--TOPICAL TERM
Topical term or geographic name entry element PRIVATE NUISANCE
650 ## - SUBJECT ADDED ENTRY--TOPICAL TERM
Topical term or geographic name entry element TELEVISION RECEPTION
690 ## - LOCAL SUBJECT ADDED ENTRY--TOPICAL TERM (OCLC, RLIN)
Topical term or geographic name as entry element LAW
942 ## - ADDED ENTRY ELEMENTS (KOHA)
Suppress in OPAC 0
948 ## - LOCAL PROCESSING INFORMATION (OCLC); SERIES PART DESIGNATOR (RLIN)
c (OCLC) 30/05/1997
Holdings
Withdrawn status Lost status Source of classification or shelving scheme Damaged status Not for loan Home library Current library Shelving location Date acquired Total Checkouts Full call number Barcode Date last seen Copy number Price effective from Koha item type
    Dewey Decimal Classification     London London Journal article 14/09/1999   ABS57016 78674-1001 06/08/2019 1 06/08/2019 Law report